| 000 | 00734 a2200205 4500 | ||
|---|---|---|---|
| 003 | UA-OsUOA | ||
| 005 | 20260224104013.0 | ||
| 008 | 260224b un ||||| |||| 00| 0 ukr d | ||
| 040 |
_brus _cUA-OsUOA |
||
| 080 | _a929:82-94 | ||
| 090 |
_a929:82-94 _bК71 |
||
| 100 |
_aКосачевская Е. М. _923253 |
||
| 245 |
_aН. А. Маркевич. 1804–1860 _bмонография _cЕ. М. Косачевская |
||
| 260 |
_aЛенинград _bИЛУ _c1987 |
||
| 300 | _a288 с. | ||
| 650 |
_a929 Біографічні дослідження _91571 |
||
| 942 |
_cBK _2udc |
||
| 955 | _a1 | ||
| 999 |
_c579703 _d579703 |
||